| 000 | 00341nam a2200121Ia 4500 | ||
|---|---|---|---|
| 008 | 240731s9999 xx 000 0 und d | ||
| 022 | _a1557-2943 | ||
| 245 | 0 | _aAstropolitics : The International Journal of Space Politics & Policy | |
| 260 | _bRoutledge | ||
| 856 | _uhttps://www.tandfonline.com/loi/fast20 | ||
| 942 | _2ddc | ||
| 942 | _cTFEJ | ||
| 999 |
_c75484 _d75484 |
||
| 945 |
_a1 _bMadushi Gamage _c1 _dMadushi Gamage |
||